00586nam a2200169 i 450000100060000000300090000600500170001500700030003200800410003510000280007624500660010426000480017030000270021885200320024599900170027795201220029477411ES-MaACL20230906173207.0t|031027s1965 xxu ||||1| eng d1 aHammer, Louis Z.96167610aValue and man b: readings in philosophy / cLouis Z. Hammer. aNew York : bMcGraw-Hill Book Co., c[1966] aXIV, 445 p. ; c26 cm. aES-MaACLjC-56319 bR.89087 c77411d77411 00104070aATENEOMbATENEOMcDEPO2d2008-01-17eSCl0oC-56319p1080993r2023-02-23 00:00:00w2023-02-23yMONOGRAFIA